00425nam a2200169Ia 4500003000400000005001700004008004100021020001500062040000700077041000800084082002100092100002100113245004600134260004500180300001700225365001300242OSt20230511161622.0210423s2006 xx 000 0 und d a8181478150 cAL aeng a574.3 223bGIBM aGIBBS (Melissa). aPractical guide to developmental biology. aNew DelhibOxford University Pressc2006 aviii,118bPB b495cINR